| 000 | 00892nam a22002417a 4500 | ||
|---|---|---|---|
| 999 |
_c17135 _d17135 |
||
| 003 | AR-CdUCM | ||
| 008 | 190226b ||||| |||| 00| 0 spa d | ||
| 040 |
_aMUNICIPALIDAD PROVINCIAL DEL CUSCO _cBIBLIOTECA MUNICIPAL DEL CUSCO |
||
| 082 |
_a335.4 / _bM26 _27ed. |
||
| 100 |
_aMarx, C. _94492 |
||
| 245 | _aBiografía del manifiesto comunista / | ||
| 260 |
_aMéxico : _bCompañía general de ediciones, _c1971. |
||
| 300 |
_a545 páginas ; _c20 cm. |
||
| 440 |
_aColección ideas, letras y vida _936994 |
||
| 500 | _a | ||
| 505 | _aContenidos: Sobre los origines del manifiesto y la liga comunista -- Manifiesto del partido comunista -- Notas aclaratorias, por D. Riazanof ... | ||
| 650 |
_aPartido Comunista _92203 |
||
| 650 |
_aBurgueses y Proletarios _94493 |
||
| 650 |
_aEuropa _91221 |
||
| 700 |
_aEngels, F. (coautor) _94494 |
||
| 942 |
_2ddc _cLIBROS |
||
| 945 |
_arah _d07/05/2019 |
||